00686nam a2200241 a 4500001001300000003000900013005001700022008004100039020001000080082001500090100002300105245003900128260003700167300000900204500003500213505001000248650004000258700002300298902000800321942000700329952009500336999001300431nice12345678IN_TiNIC20260116011338.0050524s1941 newa grp 000 0 eng  ac10000a221.1bPFE aPfeiffer, Robert H aIntroduction to the Old Testament. aNew York bHarper and Row c1941 a917p aincludes index and biblioraphy2 aIndex aBible O.T. Criticism & Interpretati1 aPfeiffer, Robert H bSRS cBK 00104070aHMIbHMId2007-06-18g100.00l0o221.1 PFEp1744r2007-06-18w2026-01-16yARB c707d707